| 000 | 00000nam 2200000zi 4500 |
| 001 | 9.943852 |
| 003 | CaOODSP |
| 005 | 20250107144100 |
| 006 | m o d f |
| 007 | cr cn||||||||| |
| 008 | 241004t20222022oncd obs f000 0 eng d |
| 040 | |aCaOODSP|beng|erda|cCaOODSP |
| 043 | |an-cn--- |
| 086 | 1 |aCS85-002/42-13E-PDF |
| 100 | 1 |aMoreau, Greg, |eauthor. |
| 245 | 10|aPolice-reported crime statistics in Canada, 2021 / |cby Greg Moreau. |
| 264 | 1|a[Ottawa] : |bStatistics Canada = Statistique Canada, |c2022. |
| 264 | 4|c©2022 |
| 300 | |a1 online resource (69 pages) : |bgraphs. |
| 336 | |atext|btxt|2rdacontent |
| 337 | |acomputer|bc|2rdamedia |
| 338 | |aonline resource|bcr|2rdacarrier |
| 490 | 1 |aJuristat, |x1209-6393 |
| 500 | |aCover title. |
| 500 | |aIssued also in French under title: Statistiques sur les crimes déclarés par la police au Canada, 2021. |
| 500 | |a"Release date: August 2, 2022." |
| 500 | |a"Correction date: August 3, 2022." |
| 504 | |aIncludes bibliographical references (pages 38-39). |
| 520 | |a"This Juristat article presents findings from the 2021 Uniform Crime Reporting (UCR) Survey to provide information on police-reported crime across Canada and over time. To publish police-reported crime statistics in a timely manner, this article relies mostly on aggregate data (totals), which are the first crime data available each calendar year. To inform some community safety issues which are particularly relevant to the pandemic, such as family violence and hate crime, this article also draws on detailed disaggregated data on the characteristics of incidents, victims and accused persons. These disaggregated data will also be available for custom requests and will be included in future analytical products. Crime counts presented in the article are based on the most serious violation in a criminal incident"--Page 4. |
| 650 | 0|aCriminal statistics|zCanada. |
| 655 | 7|aStatistics|2lcgft |
| 710 | 2 |aStatistics Canada, |eissuing body. |
| 775 | 08|tStatistiques sur les crimes déclarés par la police au Canada, 2021 / |w(CaOODSP)9.943854 |
| 830 | #0|aJuristat.|w(CaOODSP)9.936876 |
| 856 | 40|qPDF|s4.43 MB|uhttps://publications.gc.ca/collections/collection_2024/statcan/85-002-x/CS85-002-42-13-eng.pdf |
| 856 | 4 |qHTML|sN/A|uhttps://www150.statcan.gc.ca/n1/pub/85-002-x/2022001/article/00013-eng.htm |
| 986 | |a85-002-X |